Random Animals by Picture #1 - Statistics

General Stats
  • This quiz has been taken 12 times
  • The average score is 7 of 18
Answer Stats
Picture Answer % Correct
Elephant
100%
Giraffe
100%
Bison
78%
Hippopotamus
78%
Jaguar
67%
Rhinoceros
56%
Yak
56%
Reindeer
44%
Wildebeest
33%
Water Buffalo
22%
Caribou
11%
Kudu
11%
Oryx
11%
Vicuña
11%
Zebu
11%
American Mastodon
0%
Antique Bison
0%
Oxen
0%
No matching quizzes found
Score Distribution
Percent of People with Each Score
Percentile by Number Answered
Your Score History
You have not taken this quiz